00908cam a2200253 a 450000100090000000300060000900500170001500700150003200800410004701500190008802000150010702000180012204000230014005000240016308200190018724501100020626000500031630000330036650400650039953000260046465000190049070000340050985601110054356643147OCoLC20161205131747.0cr mnu 040722s2010 gw a b 001 0 eng  aGBA4580622bnb a3540224521 a9783642061271 aUKMcUKMdHNKdC#P 4aT174.7b.N3736 200504a620.5222bNAN00aNanotechnology and nanoelectronics :bmaterials, devices, measurement techniques /cW.R. Fahrner (editor) aBerlin ;aNew York :bSpringer-Verlag,cc2010 axvi, 269 p. :bill. ;c24 cm aIncludes bibliographical references (p. [239]-260) and index aAlso available online 0aNanotechnology1 aFahrner, W. R.q(Wolfgang R.)41zConnect to resource onlineuhttp://ebooks.ohiolink.edu/xtf-ebc/view?docId=tei/sv/3540266216/3540266216.xml